Joan Robinson: Tergiversación de la teoría marxista
Сохранить в:
| Главный автор: | |
|---|---|
| Формат: | Текст |
| Опубликовано: |
Guadalajara:
Universidad de Guadalajara,
Instituto de Estudios Sociales
|
| Метки: |
Добавить метку
Нет меток, Требуется 1-ая метка записи!
|
MARC
| LEADER | 00000 a a2200000 04500 | ||
|---|---|---|---|
| 001 | 24842 | ||
| 003 | |||
| 040 | |||
| 090 | |a 174900 | ||
| 100 | |a López Cuadras, César | ||
| 245 | |a Joan Robinson: Tergiversación de la teoría marxista | ||
| 260 | |a Guadalajara: |b Universidad de Guadalajara, |c Instituto de Estudios Sociales | ||
| 300 | |a 119 p. | ||
| 999 | |c 14493 |d 14493 | ||
